[Event "San Jose Solidario Blitz op 1st"]
[Site "San Jose"]
[Date "2024.05.04"]
[Round "2"]
[White "Reyes Sarmiento, Aaron"]
[Black "Zeledon Perez, Edgar"]
[Result "0-1"]
[WhiteElo "1574"]
[BlackElo "1909"]
[PlyCount "62"]
[EventDate "2024.05.04"]
[EventType "swiss (blitz)"]
[EventRounds "9"]
[EventCountry "CRI"]
[SourceTitle "CBM 220 Extra"]
[Source "ChessBase"]
[SourceDate "2024.07.31"]
[SourceVersion "1"]
[SourceVersionDate "2024.07.31"]
[SourceQuality "1"]

1. d4 Nf6 2. Nf3 d5 3. c4 c6 4. g3 Bf5 5. Bg2 e6 6. 0-0 Nbd7 7. Nbd2 Be7 8. Nh4 Bg4 9. Nhf3 0-0 10. Qb3 Qb6 11. c5 Qxb3 12. axb3 Ne4 13. Re1 f5 14. h3 Bh5 15. Nxe4 fxe4 16. Nd2 e5 17. e3 Bf6 18. dxe5 Nxe5 19. b4 Nd3 20. Rf1 Be2 21. Ra2 Bxf1 22. Bxf1 Nxc1 23. Ra1 Nd3 24. Rb1 Nxb4 25. Nb3 a5 26. Nd4 Bxd4 27. exd4 Rf3 28. Kg2 Raf8 29. Ra1 Rxf2+ 30. Kg1 Nc2 31. Rxa5 Rxf1+ 0-1

[Event "San Jose Solidario Blitz op 1st"]
[Site "San Jose"]
[Date "2024.05.04"]
[Round "5"]
[White "Zeledon Perez, Edgar"]
[Black "Morera Campos, Hazel Maria"]
[Result "1-0"]
[WhiteElo "1909"]
[BlackElo "1873"]
[PlyCount "31"]
[EventDate "2024.05.04"]
[EventType "swiss (blitz)"]
[EventRounds "9"]
[EventCountry "CRI"]
[SourceTitle "CBM 220 Extra"]
[Source "ChessBase"]
[SourceDate "2024.07.31"]
[SourceVersion "1"]
[SourceVersionDate "2024.07.31"]
[SourceQuality "1"]

1. d4 Nf6 2. Bg5 d5 3. c4 c6 4. Nc3 dxc4 5. e4 h6 6. Bxf6 exf6 7. Bxc4 Bd6 8. Nf3 0-0 9. 0-0 Nd7 10. Re1 Nb6 11. Bb3 Bg4 12. Qd3 Rc8 13. e5 fxe5 14. dxe5 Bc7 15. Qe4 Bh5 16. g4 1-0

[Event "San Jose subzonal 2.3c"]
[Site "San Jose"]
[Date "2018.03.25"]
[Round "1"]
[White "Zeledon Perez, Edgar"]
[Black "Valdes Romero, Leonardo"]
[Result "0-1"]
[WhiteElo "1872"]
[BlackElo "2401"]
[PlyCount "144"]
[EventDate "2018.03.25"]
[EventType "swiss"]
[EventRounds "9"]
[EventCountry "CRI"]
[SourceTitle "EXT 2019"]
[Source "ChessBase"]
[SourceDate "2018.10.10"]
[SourceVersion "1"]
[SourceVersionDate "2018.10.10"]
[SourceQuality "1"]

1. d4 d6 2. Bg5 Nd7 3. e3 Ngf6 4. Bd3 e5 5. Nd2 Be7 6. c3 d5 7. Ne2 0-0 8. Rc1 h6 9. Bh4 Re8 10. 0-0 c6 11. h3 e4 12. Bb1 Nf8 13. Bxf6 Bxf6 14. c4 Ng6 15. Nc3 Nh4 16. a3 Bxd4 17. exd4 Qg5 18. g3 Qxd2 19. cxd5 Nf3+ 20. Kg2 cxd5 21. Qxd2 Nxd2 22. Rfd1 Nxb1 23. Nxd5 Rd8 24. Nc7 Rb8 25. Rxb1 a6 26. d5 Rd6 27. b4 b5 28. Rbc1 Bb7 29. Rc5 Rbd8 30. g4 g5 31. f3 exf3+ 32. Kxf3 Kh7 33. Ke4 Kg6 34. Rf1 f6 35. Rd1 h5 36. Rd3 Bc8 37. Rg3 Bd7 38. Kd4 hxg4 39. hxg4 Bc8 40. Ke4 Bb7 41. Rh3 R6d7 42. Rhc3 Re7+ 43. Kd4 Red7 44. Re3 Kf7 45. Rec3 Rd6 46. Re3 Bc8 47. Rg3 Kg6 48. Ke4 Bxg4 49. Rxg4 f5+ 50. Ke5 fxg4 51. Ne6 Kh5 52. Nxd8 Rxd8 53. Kf5 g3 54. Ke6 g2 55. Rc1 Kh4 56. d6 Kh3 57. Ke7 Rh8 58. d7 Kh2 59. d8Q Rxd8 60. Kxd8 g1Q 61. Rxg1 Kxg1 62. Kc7 g4 63. Kb6 g3 64. Kxa6 g2 65. Kxb5 Kf2 66. a4 g1Q 67. a5 Kf3 68. Ka6 Ke4 69. Kb7 Qb1 70. a6 Qxb4+ 71. Ka8 Qc4 72. a7 Qc8# 0-1

[Event "Pan American-ch U16"]
[Site "San Jose"]
[Date "2017.07.01"]
[Round "1"]
[White "Kelly, Joey M"]
[Black "Zeledon Perez, Edgar"]
[Result "1-0"]
[WhiteElo "2307"]
[BlackElo "1750"]
[PlyCount "52"]
[EventDate "2017.07.01"]
[EventType "swiss"]
[EventRounds "9"]
[EventCountry "CRI"]
[SourceTitle "EXT 2022"]
[Source "ChessBase"]
[SourceDate "2021.10.06"]
[SourceVersion "1"]
[SourceVersionDate "2021.10.06"]
[SourceQuality "1"]

1. d4 Nf6 2. c4 e6 3. Nf3 b6 4. a3 Bb7 5. Nc3 d5 6. cxd5 exd5 7. Qc2 Be7 8. Bf4 a6 9. g3 0-0 10. Bg2 Nbd7 11. b4 c5 12. bxc5 bxc5 13. Rb1 Bc6 14. 0-0 Re8 15. Rfd1 Nh5 16. Be3 Qc7 17. dxc5 Bxc5 18. Bxc5 Nxc5 19. Nxd5 Qa7 20. Ng5 g6 21. Rbc1 Re5 22. Qxc5 Bxd5 23. Bxd5 Rxg5 24. Bxf7+ Qxf7 25. Qxg5 Rf8 26. Qe3 Nf6 1-0